000 00480nam a2200169Ia 4500
003 LK-CoDNM
008 010623t2003 xxu||||| |||| 00| 1 sin d
040 _aLK-CoDNM
_dLK-CoDNM
_eLK-CoDNM
041 _asin
080 _a294.3 ARI
100 _aAriyaratna,J.K.P.
245 _aනැවත ඉපදීම ඇත්තද බොරුද?
246 _aNewatha Ipadeema Eththada Boruda
260 _bStamferd Lake
_aPannipitiya
_c2003
300 _b152p., 21 cm
942 _cBK
999 _c122918
_d122918